00249 a2200121 4500001000700000020000600007040001100013100002700024240003200051245002700083362000900110440000800119173663 a  cMagnum aTelles, Carlos Queiroz10aO ninho dos morcegatoslpor10aO ninho dos morcegatos0 a1899 1aFTD